Sovereign Credit Rating and Investment Decisions diplomová práca

Guardado en:
Detalles Bibliográficos
Autor principal: Ciffrová, Petra
Autor Corporativo: Národohospodárska fakulta EU. Katedra financií
Otros Autores: Alexy, Martin, 1976-
Formato: Libro
Lenguaje:inglés
Publicado: Bratislava 2017
Etiquetas: Agregar Etiqueta
Sin Etiquetas, Sea el primero en etiquetar este registro!

MARC

LEADER 00000nbm a2200000 4500
001 0231947
005 20240913101129.2
041 0 |a eng 
044 |a SK 
245 1 0 |a Sovereign Credit Rating and Investment Decisions  |b diplomová práca  |c Petra Ciffrová ; školiteľ: Martin Alexy 
264 1 |a Bratislava  |c 2017 
300 |a 47 s. 
100 1 |a Ciffrová, Petra 
700 1 |a Alexy, Martin, 1976- 
710 2 |a Národohospodárska fakulta EU. Katedra financií